Správa o činnosti Predsedníctva Evanjelickej cirkvi augsburského vyznania na Slovensku za rok ... schválená Synodou ECAV na Slovensku ...

Bibliographic Details
Corporate Author: Evanjelická cirkev a.v. Predsedníctvo
Other Authors: Klátik, Miloš, 1963- (Compiler), Lukáč, Imrich, 1951- (Compiler), Eľko, Ivan (Compiler), Brozman, Ján, 1968- (Compiler)
Format: Serial
Language:Slovak
PhysicalDescription:zv. tab. 30 cm
Published: [Bratislava Evanjelická cirkev augsburského vyznania na Slovensku 2015]-
Liptovský Mikuláš Tranoscius]
ISBN:9788071405092 (brož. : r. 2015)
9788071405443 (brož. : r. 2016)
9788071405580 (brož. : r. 2017/2018)
9788071405900 (brož. : r. 2020)
Subjects:

MARC

LEADER 00000cas a2200000 a 4500
001 vtls011570507
003 SK-MaSNL
005 20260425194148.0
008 160801c20159999xo ar| 0 b0slo
015 |a SNB2016-(r. 2014)  |a SNB2017-(r. 2015)  |a SNB2018-(r. 2016)  |a SNB2019-(r. 2017/2018)  |a SNB2021-(r. 2018, r. 2019) 
020 |a 9788071405092 (brož. : r. 2015) 
020 |a 9788071405443 (brož. : r. 2016) 
020 |a 9788071405580 (brož. : r. 2017/2018) 
020 |a 9788071405900 (brož. : r. 2020) 
040 |a SNK  |b slo  |c SNK  |e AACR2 
041 0 |a slo 
043 |a e-xo--- 
044 |a xo  |c SK 
072 7 |a 271/279  |x Kresťanské cirkvi, sekty, denominácie  |2 konspekt 
080 |a 050  |2 2011 
080 |a 274/279  |2 2011 
080 |a (437.6)  |2 2011 
080 |a (047)  |2 2011 
080 |a (047.1)  |2 2011 
080 |a (036)  |2 2011 
110 2 |a Evanjelická cirkev a.v.  |b Predsedníctvo  |9 268726 
245 1 0 |a Správa o činnosti Predsedníctva Evanjelickej cirkvi augsburského vyznania na Slovensku za rok ... schválená Synodou ECAV na Slovensku ... 
246 1 2 |a Buďte jedna duša a jedna myseľ  |f 2014 
246 1 2 |a A poznáte pravdu a pravda vás vyslobodí  |f 2015 
246 1 2 |a Pane, ku komu pôjdeme?  |f 2016 
246 1 2 |a Správa o činnosti Predsedníctva Evanjelickej cirkvi augsburského vyznania na Slovensku za rok ... predložená na Synode ECAV na Slovensku ...  |f 2016 
246 1 2 |a Správa o činnosti Predsedníctva Evanjelickej cirkvi augsburského vyznania na Slovensku za obdobie ... predkladaná Synode ECAV na Slovensku ...  |f 2017/2018 
246 1 2 |a V Tvojej ruke sú moje časy  |f 2017/2018 
246 1 2 |a Kto položí ruku na pluh ...  |f 2018 
246 1 2 |a "... a postavil si cirkev slávnu, bez poškvrny, bez vrásky ... "  |f 2019 
246 1 2 |a Buď pohotový vhod - nevhod  |f 2020 
260 |a [Bratislava  |b Evanjelická cirkev augsburského vyznania na Slovensku  |c 2015]- 
260 3 |3 [2016-  |a Liptovský Mikuláš  |b Tranoscius] 
300 |a zv.  |b tab.  |c 30 cm 
310 |a 1x ročne 
362 0 |a [2014]- 
500 |a Súčasťou názvu je označenie roku činnosti, o ktorej správa informuje, ako aj dátum schválenia správy a mesto, v ktorom bola správa schválená ; mesto sa každý rok mení 
500 |a [Zostavili:] 2014-2017/2018, Miloš Klátik, Imrich Lukáč ; 2018-2020, Ivan Eľko, Ján Brozman 
500 |a Každý rok figuruje ako názov citát z Biblie 
500 |a Od r. 2018 sa ISBN neuvádza 
610 2 7 |a Evanjelická cirkev a.v.  |2 SNKKA  |9 32425 
650 0 7 |a evanjelické cirkvi  |2 SNKPH  |9 64962 
650 0 7 |a Evangelical churches  |2 SNKPHeng  |9 268254 
651 7 |a Slovensko  |2 SNKPHgeo  |9 14231 
651 7 |a Slovakia  |2 SNKPHeng  |9 92630 
655 7 |a správy  |2 SNKPH  |9 70563 
655 7 |a informačné publikácie  |2 SNKPH  |9 70181 
655 7 |a Annual reports  |2 SNKPHeng  |9 265598 
655 7 |a Information publications  |2 SNKPHeng  |9 265188 
655 7 |a výročné správy  |2 SNKPH  |9 70580 
655 7 |a Reports  |2 SNKPHeng  |9 265694 
700 1 |a Klátik, Miloš,  |d 1963-  |4 com  |9 106618 
700 1 |a Lukáč, Imrich,  |d 1951-  |4 com  |9 188781 
700 1 |a Eľko, Ivan  |4 com  |9 268727 
700 1 |a Brozman, Ján,  |d 1968-  |4 com  |9 132595 
910 |a snk 
919 |a 978-80-7140-509-2 
919 |a 978-80-7140-544-3 
919 |a 978-80-7140-558-0 
919 |a 978-80-7140-590-0 
999 |c 5545  |d 7475 
952 |a SNK  |b SNK  |y PREZ  |7 0  |p 17A1460929  |o snkČSB 6195/2018  |i snk2021/14818  |8 0  |z Správa schválená 21.-22.06. 2019 v Prešove  |0 0  |1 0  |4 0  |d 2021-10-07  |l 0  |r 2026-02-21 20:00:01  |w 2026-02-21 
952 |a SNK  |b SNK  |y PREZ  |7 0  |p 17A1460930  |o snkČSB 6195/2019  |i snk2021/14819  |8 0  |z Správa schválená dňa 10.10. 2020 v Ružomberku  |0 0  |1 0  |4 0  |d 2021-10-07  |l 0  |r 2026-02-21 20:00:01  |w 2026-02-21 
952 |a SNK  |b SNK  |y PREZ  |7 0  |p 17A1460931  |o snkČSB 6195/2019 D1  |i snk2021/14821  |8 0  |z Správa schválená dňa 10.10. 2020 v Ružomberku  |0 0  |1 0  |4 0  |d 2021-10-07  |l 0  |r 2026-02-21 20:00:01  |w 2026-02-21 
952 |a SNK  |b SNK  |y PREZ  |7 0  |p 17A1204360  |o snkČSB 6195/2015  |i snk2017/204  |8 0  |z Správa schválená 10.-11. júna 2016 v Prešove  |0 0  |1 0  |4 0  |d 2017-01-04  |l 0  |r 2026-02-21 20:52:01  |w 2026-02-21 
952 |a SNK  |b SNK  |y PREZ  |7 0  |p 17A1204361  |o snkČSB 6195/2015 D1  |i snk2017/223  |8 0  |z Správa schválená 10.-11. júna 2016 v Prešove  |0 0  |1 0  |4 0  |d 2017-01-04  |l 0  |r 2026-02-21 21:47:43  |w 2026-02-21 
952 |a SNK  |b SNK  |y PREZ  |7 0  |p 17A1202358  |o snkČSB 6195/2014  |i snk2016/18340  |8 0  |z Správa schválená 12.-13. júna 2015 v Nových Zámkoch  |0 0  |1 0  |4 0  |d 2016-08-01  |l 0  |r 2026-02-21 21:54:36  |w 2026-02-21 
952 |a SNK  |b SNK  |y PREZ  |7 0  |p 17A1202359  |o snkČSB 6195/2014 D1  |i snk2016/18342  |8 0  |z Správa schválená 12.-13. júna 2015 v Nových Zámkoch  |0 0  |1 0  |4 0  |d 2016-08-01  |l 0  |r 2026-02-21 21:54:36  |w 2026-02-21 
952 |a SNK  |b SNK  |y PREZ  |7 0  |p 17A1324899  |o snkČSB 6195/2016  |i snk2018/10299  |8 0  |0 0  |1 0  |4 0  |d 2018-05-11  |l 0  |r 2026-02-21 22:05:28  |w 2026-02-21 
952 |a SNK  |b SNK  |y PREZ  |7 0  |p 17A1324900  |o snkČSB 6195/2016 D1  |i snk2018/10300  |8 0  |0 0  |1 0  |4 0  |d 2018-05-11  |l 0  |r 2026-02-21 22:05:28  |w 2026-02-21 
952 |a SNK  |b SNK  |y PREZ  |7 0  |p 17A1369307  |o snkČSB 6195/2017-2018  |i snk2019/20020  |8 0  |z Správa predkladaná 19.-20. októbra 2018 v Martine  |0 0  |1 0  |4 0  |d 2019-08-02  |l 0  |r 2026-02-21 22:22:00  |w 2026-02-21 
952 |a SNK  |b SNK  |y PREZ  |7 0  |p 17A1369308  |o snkČSB 6195/2017-2018 D1  |i snk2019/20021  |8 0  |z Správa predkladaná 19.-20. októbra 2018 v Martine  |0 0  |1 0  |4 0  |d 2019-08-02  |l 0  |r 2026-02-21 22:22:00  |w 2026-02-21